000 00469nam a2200181Ia 4500
005 20250326124012.0
008 250326s9999 xx 000 0 und d
037 _aTextbook
040 _aFMSL
_beng
_cFMSL
041 _aeng
_2eng
084 _aX L13
_qFMSL
100 _aWalshe G
_9278382
245 0 _aInternational monetary reform
_cWalshe G
260 _aNY
_bNY, Macmillan
_c1971
300 _a85p
942 _cTB
_hX L13
999 _c1271842
_d1271842